[Event "FINAL MISTRZOSTW POLSKI JUNIOROW 2018 - GRUPA  D16"]
[Site "Jastrzebia Gora"]
[Date "1899-12-30"]
[Round "1.1"]
[White "Malicka, Maria"]
[Black "Orlik, Sandra"]
[Result "1-0"]
[WhiteTitle "WCM"]
[BlackTitle "I++"]
[WhiteElo "2135"]
[BlackElo "1699"]

1. e4 c5 2. Nf3 e6 3. d4 cxd4 4. Nxd4 a6 5. c4 Nf6 6. Nc3 Bb4 7. Qd3 Nc6 8. Nxc6
dxc6 9. Qxd8+ Kxd8 10. e5 Ne4 11. a3 Bxc3+ 12. bxc3 Nxc3 13. a4 Ne4 14. Be3 h6
15. h4 f6 16. Bd3 f5 17. Rh3 Ke8 18. Bb6 g5 19. Bxe4 g4 20. Rg3 fxe4 21. Rxg4
Kf7 22. Rd1 a5 23. Rxe4 Rg8 24. Rf4+ Ke7 25. g3 Bd7 26. Bc5+ Ke8 27. Rf6 Rh8 28.
Rd4 h5 29. Rdf4 Kd8 30. Rf7 Kc8 31. Rf8+ Kc7 32. R8f7 Kc8 33. Rd4 Be8 34. Re7
b5 35. Bb6 1-0

[Event "FINAL MISTRZOSTW POLSKI JUNIOROW 2018 - GRUPA  D16"]
[Site "Jastrzebia Gora"]
[Date "1899-12-30"]
[Round "1.2"]
[White "Roszkiewicz, Anna"]
[Black "Kucharska, Honorata"]
[Result "0-1"]
[WhiteTitle "I+"]
[BlackTitle "WFM"]
[WhiteElo "1693"]
[BlackElo "2082"]

1. e4 c5 2. Nf3 a6 3. c4 e6 4. d4 cxd4 5. Nxd4 Nf6 6. Nc3 Bb4 7. Qd3 Qc7 8. Bd2
O-O 9. Be2 Nc6 10. Nxc6 dxc6 11. O-O Bc5 12. Rad1 b5 13. Qf3 e5 14. h3 Be6 15.
cxb5 axb5 16. a3 Bd4 17. Rc1 Qb6 18. Bg5 Nd7 19. Qg3 f6 20. Bh6 Rf7 21. Bh5 Re7
22. Rc2 Kh8 23. Bc1 Bc4 24. Be2 Nc5 25. Bxc4 bxc4 26. Be3 Rd8 27. Qf3 Qb3 28.
Rd2 Red7 29. Rfd1 Nd3 30. Bxd4 exd4 31. Ne2 Qb6 32. b4 c5 33. bxc5 Qxc5 34. Nf4
Nxf4 35. Qxf4 c3 36. Ra2 d3 37. Qc1 c2 38. Rd2 h6 39. a4 Rb8 40. Ra1 Qc3 0-1

[Event "FINAL MISTRZOSTW POLSKI JUNIOROW 2018 - GRUPA  D16"]
[Site "Jastrzebia Gora"]
[Date "1899-12-30"]
[Round "1.3"]
[White "Rudzinska, Michalina"]
[Black "Wolagiewicz, Kinga"]
[Result "1-0"]
[WhiteTitle "k+"]
[BlackTitle "I"]
[WhiteElo "2066"]
[BlackElo "1689"]

1. e4 c6 2. d4 g6 3. Nf3 d5 4. Nc3 Bg7 5. h3 dxe4 6. Nxe4 Nd7 7. Bc4 Ngf6 8. Nxf6+
Nxf6 9. O-O O-O 10. Re1 b6 11. Qe2 e6 12. Bf4 Bb7 13. Rad1 Qe7 14. Bb3 b5 15.
a4 bxa4 16. Bxa4 Qb4 17. Bb3 Rfd8 18. Ne5 c5 19. Nxf7 Rxd4 20. Rxd4 Qxd4 21. Qxe6
Bd5 22. Bxd5 Qxd5 23. Nh6+ Kh8 24. Qe7 c4 25. Qc7 Re8 26. Rxe8+ Nxe8 27. Qe7 Qc6
28. Qf7 Nf6 29. Qg8+ 1-0

[Event "FINAL MISTRZOSTW POLSKI JUNIOROW 2018 - GRUPA  D16"]
[Site "Jastrzebia Gora"]
[Date "1899-12-30"]
[Round "1.4"]
[White "Furtak, Joanna"]
[Black "Harazinska, Magdalena"]
[Result "1/2-1/2"]
[WhiteTitle "I++"]
[BlackTitle "k"]
[WhiteElo "1683"]
[BlackElo "2053"]

1. e4 e6 2. d4 d5 3. Nc3 Nf6 4. Bg5 dxe4 5. Nxe4 Be7 6. Bxf6 gxf6 7. Nf3 f5 8.
Nc3 a6 9. Qd2 Nd7 10. O-O-O b5 11. Bd3 Nb6 12. Rhe1 Bb7 13. Ne5 b4 14. Ne2 Nd5
15. Kb1 c5 16. Qh6 Bf6 17. Ng3 Qa5 18. Nc4 Qc7 19. Nxf5 O-O-O 20. Nfe3 Bxd4 21.
Nxd5 Bxd5 22. Ne3 Bxe3 23. Bxa6+ Kb8 24. Qxe3 Qa5 25. Rxd5 Rxd5 26. Bc4 Rdd8 27.
Qf4+ Qc7 28. Qf3 Rd4 29. Bd3 Rhd8 30. Re4 c4 31. Rxd4 Rxd4 32. Be2 c3 33. Qe3
Rd2 34. Bf3 Qd6 35. Kc1 cxb2+ 36. Kxb2 f5 37. Kc1 Rd4 38. Qb3 Kc7 39. Qa4 Kd8
40. Qa8+ Ke7 41. Qh8 Qf4+ 42. Kb1 Qd2 43. Qg7+ Kd6 44. Qf8+ Ke5 45. Qg7+ Kd6 46.
Qf8+ Ke5 47. Qg7+ Kd6 48. Qf8+ Ke5 1/2-1/2

[Event "FINAL MISTRZOSTW POLSKI JUNIOROW 2018 - GRUPA  D16"]
[Site "Jastrzebia Gora"]
[Date "1899-12-30"]
[Round "1.5"]
[White "Czarniecka, Aleksandra"]
[Black "Michalska, Aleksandra"]
[Result "1/2-1/2"]
[WhiteTitle "k"]
[BlackTitle "I"]
[WhiteElo "2015"]
[BlackElo "1661"]

1. e4 e5 2. Nf3 Nc6 3. Bb5 g6 4. d4 exd4 5. Bg5 Be7 6. Bxe7 Ngxe7 7. Nxd4 d5 8.
Nc3 dxe4 9. Nxe4 O-O 10. Nxc6 Qxd1+ 11. Rxd1 bxc6 12. Bd3 Rb8 13. b3 Nd5 14. O-O
Rd8 15. c4 Nf4 16. Nc5 Rd6 17. g3 Nxd3 18. Rxd3 Bf5 19. Re3 Rd2 20. a4 Bh3 21.
Rfe1 Rbd8 22. Ne4 Rd1 23. Ng5 Bf5 24. Rxd1 Rxd1+ 25. Kg2 h6 26. Nf3 Kf8 27. Ne5
c5 28. g4 Bc8 29. f3 Rb1 30. Rc3 Re1 31. Nd3 Re2+ 32. Kg3 f5 33. Nf4 Re1 34. Nxg6+
Kg7 35. gxf5 Bxf5 36. Nf4 c6 37. Ng2 Re8 38. Ne3 Bh7 39. f4 h5 40. Ng2 Kf6 41.
Kf2 Re7 42. Rh3 Bg6 43. Rg3 Rb7 44. Rc3 Be4 45. Ne3 Rg7 46. h3 Rd7 47. Nf1 h4
48. Ke2 Kf5 49. Nd2 Bh1 50. Nf3 Kxf4 51. Nxh4 Be4 52. Nf3 Rg7 53. Ne1 a5 54. Re3
Rg1 55. Nd3+ Bxd3+ 56. Kxd3 Rh1 57. Re4+ Kf5 58. Rh4 Rd1+ 59. Kc2 Rh1 60. Rh5+
Ke4 61. Rxc5 Rh2+ 62. Kb1 Rxh3 63. Ka2 Rh2+ 64. Ka3 Kd4 65. Rxc6 Rh1 66. Rg6 Kc3
67. Rg3+ Kc2 68. Rg2+ Kc3 69. Rg3+ Kc2 70. Ka2 Rh5 71. Rg4 Kc3 72. Rg3+ Kc2 73.
Rf3 Re5 74. Ka3 Re1 75. Ka2 Re5 76. Rf1 Kc3 77. Rd1 Kb4 78. Rd3 Re2+ 79. Kb1 Rh2
80. Kc1 Rg2 81. Rd2 Rg3 82. c5 Kxc5 83. Kb2 Rg4 84. Rd8 Rg2+ 85. Ka3 Rg7 86. Rb8
Ra7 87. Rb5+ Kc6 88. Kb2 Kc7 89. Kc3 Kc6 90. Kc4 Ra8 91. Rh5 Kb6 92. Rh6+ Ka7
93. Rh3 Rb8 94. Kc5 Rb7 1/2-1/2

[Event "FINAL MISTRZOSTW POLSKI JUNIOROW 2018 - GRUPA  D16"]
[Site "Jastrzebia Gora"]
[Date "1899-12-30"]
[Round "1.6"]
[White "Karlyk, Maria"]
[Black "Swiech, Joanna"]
[Result "1/2-1/2"]
[WhiteTitle "I"]
[BlackTitle "k"]
[WhiteElo "1636"]
[BlackElo "1995"]

1. e4 e5 2. d4 exd4 3. Qxd4 Nc6 4. Qe3 d6 5. Nc3 Nf6 6. h3 Be7 7. Bc4 O-O 8. Nge2
Na5 9. Bd3 c5 10. Nf4 a6 11. O-O b5 12. Bd2 Bb7 13. Ncd5 Bxd5 14. exd5 Re8 15.
Qf3 c4 16. Be2 Nb7 17. b4 cxb3 18. axb3 Nc5 19. Bd3 Nxd3 20. Nxd3 Nd7 21. Bf4
Bf6 22. Rae1 Qc7 23. Rxe8+ Rxe8 24. Nb4 Be5 25. Bxe5 Nxe5 26. Qe2 Ra8 27. Nd3
Nxd3 28. Qxd3 Rc8 29. Re1 g6 30. Re2 Qc5 31. Qe4 a5 32. Kh2 b4 33. f4 Qb5 34.
Qf3 Qd7 35. Qe4 Qb5 36. Qf3 Qd7 37. Qe4 Qb5 38. Qf3 Qd7 39. Qe4 Qb5 40. Qf3 Qd7
41. Qe4 1/2-1/2

[Event "FINAL MISTRZOSTW POLSKI JUNIOROW 2018 - GRUPA  D16"]
[Site "Jastrzebia Gora"]
[Date "1899-12-30"]
[Round "1.7"]
[White "Sowa, Wiktoria"]
[Black "Sivickis, Wiktoria"]
[Result "1-0"]
[WhiteTitle "k"]
[BlackTitle "I"]
[WhiteElo "1993"]
[BlackElo "1627"]

1. e4 c5 2. Nf3 g6 3. d4 Bg7 4. c4 d6 5. Be2 cxd4 6. Nxd4 Nf6 7. Nc3 O-O 8. O-O
Nbd7 9. Be3 Nc5 10. f3 b6 11. Nd5 Bb7 12. b4 Ncd7 13. Rc1 Rc8 14. Qd2 Ne5 15.
Rc2 Nc6 16. Nb3 e6 17. Nxf6+ Bxf6 18. Rd1 Be7 19. a3 Qc7 20. Qc3 f5 21. Bh6 Bf6
22. Qd2 Rfd8 23. exf5 gxf5 24. Qe1 Kh8 25. Qg3 Be5 26. f4 Bg7 27. Bxg7+ Qxg7 28.
Qxg7+ Kxg7 29. Rcd2 e5 30. Rxd6 Rxd6 31. Rxd6 Rc7 32. b5 Ne7 33. fxe5 Ng6 34.
Nd4 Rf7 35. e6 Rf8 36. Rd7+ Bc8 1-0

[Event "FINAL MISTRZOSTW POLSKI JUNIOROW 2018 - GRUPA  D16"]
[Site "Jastrzebia Gora"]
[Date "1899-12-30"]
[Round "1.8"]
[White "Koruch, Maria"]
[Black "Jarocka, Liwia"]
[Result "1/2-1/2"]
[WhiteTitle "I"]
[BlackTitle "FM"]
[WhiteElo "1627"]
[BlackElo "1989"]

1. e4 e5 2. Nf3 Nc6 3. Bb5 g6 4. c3 d6 5. d4 Bd7 6. O-O Bg7 7. d5 Nce7 8. Bxd7+
Qxd7 9. c4 h6 10. h4 Nf6 11. Nc3 O-O 12. Ne1 b6 13. Nd3 h5 14. Bg5 Nh7 15. Qd2
Nxg5 16. Qxg5 Kh7 17. f4 Bh6 18. Qg3 exf4 19. Nxf4 Ng8 20. Nh3 Rae8 21. Rae1 Qg4
22. Qxg4 hxg4 23. Ng5+ Kg7 24. Nb5 Re5 25. Nxc7 Bxg5 26. hxg5 a6 27. Nxa6 Rxg5
28. Nb4 Nf6 29. e5 dxe5 30. Rd1 Nd7 31. Nc6 Rh8 32. Kf2 g3+ 33. Ke3 Rh2 34. Rd2
Rg4 35. Rc2 Rhh4 36. b3 Re4+ 37. Kd3 Ref4 38. Re1 f6 39. Re3 Rhg4 40. Ree2 Rf1
41. b4 Rgf4 42. Nd8 Kg8 43. Ne6 R4f2 44. c5 bxc5 45. bxc5 Rd1+ 46. Kc4 Rxe2 47.
Rxe2 Kf7 48. Re3 e4 1/2-1/2

[Event "FINAL MISTRZOSTW POLSKI JUNIOROW 2018 - GRUPA  D16"]
[Site "Jastrzebia Gora"]
[Date "1899-12-30"]
[Round "1.9"]
[White "Kalinowska, Zuzanna"]
[Black "Bilczewska, Olga"]
[Result "1-0"]
[WhiteTitle "k+"]
[BlackTitle "I+"]
[WhiteElo "1980"]
[BlackElo "1609"]

1. d4 d5 2. Nf3 e6 3. c4 c6 4. e3 Bd6 5. Nbd2 f5 6. b3 Qe7 7. Bb2 Nf6 8. Qc2 O-O
9. Bd3 Ne4 10. Rf1 Nd7 11. O-O-O b6 12. Ne5 Nxe5 13. dxe5 Bb4 14. Nb1 Qe8 15.
f3 Ng5 16. h4 Nf7 17. g4 Nd8 18. Rg1 Qf7 19. h5 Bd7 20. Rg2 Re8 21. Rdg1 Bf8 22.
gxf5 exf5 23. e6 Nxe6 24. Bxf5 h6 25. Nd2 Qe7 26. Rg6 Ng5 27. Bxd7 Qxd7 28. f4
Rxe3 29. fxg5 hxg5 30. R6xg5 Rae8 31. Rd1 d4 32. h6 Rh3 33. hxg7 Bxg7 34. Qg6
c5 35. Ne4 Kh8 36. Nf6 Bxf6 37. Qxf6+ Kh7 38. Rdg1 1-0

[Event "FINAL MISTRZOSTW POLSKI JUNIOROW 2018 - GRUPA  D16"]
[Site "Jastrzebia Gora"]
[Date "1899-12-30"]
[Round "1.10"]
[White "Hryn, Zofia"]
[Black "Waszczuk, Patrycja"]
[Result "1/2-1/2"]
[WhiteTitle "I++"]
[BlackTitle "k"]
[WhiteElo "1574"]
[BlackElo "1927"]

1. Nf3 g6 2. c4 Bg7 3. d4 d6 4. Nc3 Nf6 5. g3 Nbd7 6. Bg2 c6 7. O-O O-O 8. b3 Re8
9. Bb2 e5 10. dxe5 dxe5 11. Qc2 Qe7 12. e4 Nf8 13. Ne2 Nh5 14. Nd2 Bh6 15. Nf3
Nd7 16. Rad1 Bg7 17. Nd2 Nf8 18. Ra1 Ne6 19. Rad1 Nd4 20. Nxd4 exd4 21. Qd3 c5
22. f4 Nf6 23. Rde1 Ng4 24. Nb1 Ne3 25. Rxe3 dxe3 26. Bxg7 Kxg7 27. Qxe3 Bd7 28.
Nc3 Bc6 29. f5 Qe5 30. f6+ Kh8 31. Kh1 Rad8 32. Nd5 Bxd5 33. cxd5 b6 34. g4 Qd6
35. Qg5 Re5 36. Qh6 Qf8 37. Qf4 Rde8 38. g5 h6 39. gxh6 Kh7 40. Rf3 Qxh6 41. Rh3
Rh5 42. Rxh5 Qxh5 43. h3 Qe5 44. Qxe5 Rxe5 45. Kh2 g5 46. d6 Re8 47. e5 Kg6 48.
Be4+ Kh5 49. d7 Rd8 50. Bf5 Kh4 51. Kg2 b5 52. Kf3 c4 53. bxc4 bxc4 54. e6 fxe6
55. Bxe6 c3 56. Ke3 c2 57. Kd2 Kg3 58. Kxc2 Kf4 59. Kb3 Ke5 60. Bg4 Kxf6 1/2-1/2

[Event "FINAL MISTRZOSTW POLSKI JUNIOROW 2018 - GRUPA  D16"]
[Site "Jastrzebia Gora"]
[Date "1899-12-30"]
[Round "1.11"]
[White "Raczykowska, Paulina"]
[Black "Hryn, Aleksandra"]
[Result "0-1"]
[WhiteTitle "k"]
[BlackTitle "I"]
[WhiteElo "1897"]
[BlackElo "1558"]

1. e4 d6 2. d4 Nf6 3. Nc3 e5 4. Nf3 Nbd7 5. Bc4 Be7 6. O-O O-O 7. Re1 c6 8. a4
a5 9. Ba2 exd4 10. Nxd4 Nc5 11. Qf3 Nfd7 12. Bf4 Nb6 13. e5 d5 14. b3 Ne6 15.
Rad1 Bb4 16. Re3 Nxd4 17. Rxd4 Bc5 18. Rd1 Bxe3 19. Qxe3 Bf5 20. Bb1 Nd7 21. Ne2
Re8 22. Nd4 Be6 23. c3 g6 24. Re1 Qc7 25. Qg3 Kh8 26. Re3 Rab8 27. Qh4 b5 28.
axb5 cxb5 29. Qh6 b4 30. Bf5 Rb6 31. Rh3 Nf8 32. Bxe6 Rbxe6 33. Nxe6 fxe6 34.
cxb4 axb4 35. Rf3 Nd7 36. h3 Kg8 37. Qg5 Rf8 38. Kh2 Nc5 39. Qg4 Qd7 40. Bd2 Rxf3
41. Qxf3 Qf7 42. Qe3 Ne4 43. Be1 Qc7 44. f3 Nc3 45. Qd4 Ne2 46. Qe3 Nc3 47. Bh4
Nb5 48. Qd3 Qc6 49. Be7 Qc7 50. Bf6 Na7 51. Qd4 Nc6 52. Qc5 Kf7 53. h4 Qd7 54.
Qc2 d4 55. h5 d3 56. hxg6+ hxg6 57. Qd2 Kg8 58. Qg5 Qh7+ 59. Kg1 Qa7+ 60. Kh2
Qh7+ 61. Kg3 Nd4 62. Qd2 Nf5+ 63. Kf2 Qa7+ 64. Kf1 Ng3+ 65. Ke1 Qg1# 0-1

[Event "FINAL MISTRZOSTW POLSKI JUNIOROW 2018 - GRUPA  D16"]
[Site "Jastrzebia Gora"]
[Date "1899-12-30"]
[Round "1.12"]
[White "Lascar, Maria Elena"]
[Black "Moscicka, Pola"]
[Result "0-1"]
[WhiteTitle "I+"]
[BlackTitle "k+"]
[WhiteElo "1540"]
[BlackElo "1868"]

1. e4 c5 2. Nf3 e6 3. d4 cxd4 4. Nxd4 Nf6 5. Nc3 Nc6 6. Ndb5 Bb4 7. Bf4 O-O 8.
Bc7 Qe7 9. Bd6 Bxd6 10. Qxd6 Ne8 11. Qxe7 Nxe7 12. O-O-O f5 13. Bd3 a6 14. Nd4
fxe4 15. Bxe4 d5 16. Bf3 Nc7 17. Rhe1 Ng6 18. Rd2 Kh8 19. Bg4 e5 20. Bxc8 exd4
21. Nxd5 Raxc8 22. Nxc7 Rxc7 23. Rxd4 Rxf2 24. Rd8+ Rf8 25. Ree8 Rcf7 26. Rxf8+
Nxf8 27. Kd2 Rd7+ 28. Rxd7 Nxd7 29. Kd3 Kg8 30. Kd4 Kf7 31. Kd5 Ke7 32. a3 Nf6+
33. Kc5 Kd7 34. Kb6 Kc8 35. c3 Ng4 36. h4 Ne3 37. g3 Nf5 38. c4 Nxg3 39. c5 Nf5
40. c6 bxc6 41. Kxa6 Kc7 42. a4 Nxh4 43. a5 Nf5 44. Ka7 Nd6 45. a6 Nc8+ 46. Ka8
g5 47. b4 g4 0-1

[Event "FINAL MISTRZOSTW POLSKI JUNIOROW 2018 - GRUPA  D16"]
[Site "Jastrzebia Gora"]
[Date "1899-12-30"]
[Round "1.13"]
[White "Kulpa, Zuzanna"]
[Black "Choinska, Debora"]
[Result "1-0"]
[WhiteTitle "I++"]
[BlackTitle "I"]
[WhiteElo "1839"]
[BlackElo "1503"]

1. d4 d5 2. c4 e6 3. Nf3 Nf6 4. g3 Be7 5. Bg2 O-O 6. O-O dxc4 7. Qc2 a6 8. a4 b6
9. Qxc4 Bb7 10. Nc3 Nbd7 11. Bf4 Bd6 12. Bxd6 cxd6 13. Rfd1 Rc8 14. Qb4 d5 15.
Nd2 Re8 16. e4 dxe4 17. Ndxe4 Bxe4 18. Bxe4 Rxc3 19. Bxh7+ Kxh7 20. Qxc3 Qa8 21.
Rac1 Nd5 22. Qf3 Kg8 23. h4 N5f6 24. Qf4 Qe4 25. Qxe4 Nxe4 26. Rc7 Nef6 27. Rb7
Rc8 28. g4 Rd8 29. g5 Nd5 30. Rd3 Nf8 31. Rf3 Nd7 32. h5 Ne7 33. Rf4 Nd5 34. Rg4
Ne7 35. g6 f5 36. Rh4 Kf8 37. Rh3 Nd5 38. h6 gxh6 39. Rxh6 N5f6 40. Rh8+ Ke7 41.
Rxd8 Kxd8 42. Ra7 Ne8 43. Kg2 Ke7 44. Kg3 b5 45. axb5 axb5 46. Kf4 Kd6 47. Kg5
Ndf6 48. f3 b4 49. Rf7 e5 50. Rxf6+ Nxf6 51. Kxf6 exd4 52. g7 d3 53. g8=Q d2 54.
Qd8+ Kc5 55. Qxd2 Kd5 1-0

[Event "FINAL MISTRZOSTW POLSKI JUNIOROW 2018 - GRUPA  D16"]
[Site "Jastrzebia Gora"]
[Date "1899-12-30"]
[Round "1.14"]
[White "Sawa, Daria"]
[Black "Pyzio, Amelia"]
[Result "1/2-1/2"]
[WhiteTitle "I"]
[BlackTitle "I++"]
[WhiteElo "1432"]
[BlackElo "1780"]

1. e4 e5 2. Nf3 Nc6 3. Bc4 Bc5 4. c3 Nf6 5. d4 exd4 6. cxd4 Bb4+ 7. Bd2 Nxe4 8.
Bxb4 Nxb4 9. Bxf7+ Kxf7 10. Qb3+ d5 11. Ne5+ Ke6 12. Qxb4 c5 13. Qa3 cxd4 14.
Nf3 Qb6 15. O-O Re8 16. Rd1 d3 17. Qxd3 Qxf2+ 18. Kh1 Qc5 19. Qd4 Qxd4 20. Rxd4
Bd7 21. Nbd2 Bc6 22. Kg1 Re7 23. Rd1 Rf8 24. Nxe4 dxe4 25. Rd6+ Kf7 26. Nd4 Bd7
27. Rf1+ Ke8 28. Rxf8+ Kxf8 29. Kf2 Ke8 30. Ke3 Kd8 31. Ne2 Kc7 32. Rd4 a5 33.
Nc3 Bc6 34. Nxe4 Kb6 35. Kd3 Rxe4 36. Rxe4 Bxe4+ 37. Kxe4 Kc5 38. Ke5 Kc4 39.
Ke4 b5 40. Ke3 b4 41. Ke4 a4 42. Ke3 Kd5 43. Kd3 g6 44. g3 Kc5 45. Ke3 Kd5 46.
Kd3 Kc5 47. Ke3 Kd5 48. Ke4+ 1/2-1/2

[Event "FINAL MISTRZOSTW POLSKI JUNIOROW 2018 - GRUPA  D16"]
[Site "Jastrzebia Gora"]
[Date "1899-12-30"]
[Round "1.15"]
[White "Tarka, Aleksandra"]
[Black "Chomicka, Kinga"]
[Result "1/2-1/2"]
[WhiteTitle "I++"]
[BlackTitle "I"]
[WhiteElo "1761"]
[BlackElo "1398"]

1. e4 e5 2. Nf3 Nc6 3. Nc3 Nf6 4. a3 a6 5. d4 d6 6. Be3 Be7 7. h3 b6 8. Bc4 Bb7
9. Bd5 Nxd5 10. exd5 Nxd4 11. Nxd4 exd4 12. Bxd4 O-O 13. Qg4 Bf6 14. O-O-O Bxd4
15. Rxd4 Qf6 16. Rf4 Qh6 17. Kb1 Bc8 18. Qf3 Bb7 19. g4 Rae8 20. h4 g6 21. Rf6
Re6 22. g5 Rxf6 23. Qxf6 Qg7 24. Qf3 f6 25. Qg3 fxg5 26. hxg5 Rf5 27. Qg2 Qf7
28. Ne4 Bxd5 29. Rh4 Bxe4 30. Qxe4 Rxf2 31. b3 Rf1+ 32. Ka2 Qf5 33. Qe8+ Kg7 34.
Qe7+ Qf7 35. Qe4 Rf5 36. Rg4 Qd5 37. Qe7+ Rf7 38. Qe2 Qf3 39. Qxf3 Rxf3 40. Kb2
c5 41. c4 h6 42. b4 hxg5 43. Rxg5 Rd3 44. bxc5 dxc5 45. Re5 Kf6 46. Re8 g5 47.
Rb8 Rd6 48. Rf8+ Kg6 49. a4 a5 50. Kc3 g4 51. Rg8+ Kf5 52. Rf8+ Ke4 53. Re8+ Kf3
54. Rf8+ Kg2 55. Rg8 g3 56. Rg7 Kg1 57. Rxg3+ Kf2 58. Rg7 Ke2 59. Re7+ Kd1 60.
Re5 Rg6 61. Re3 Rf6 62. Kd3 Rd6+ 63. Kc3 Rf6 64. Kd3 Kc1 65. Kc3 Kd1 66. Kd3 1/2-1/2

[Event "FINAL MISTRZOSTW POLSKI JUNIOROW 2018 - GRUPA  D16"]
[Site "Jastrzebia Gora"]
[Date "1899-12-30"]
[Round "1.16"]
[White "Zygmunt, Patrycja"]
[Black "Budkiewicz, Magdalena"]
[Result "0-1"]
[WhiteTitle "I"]
[BlackTitle "I++"]
[WhiteElo "1370"]
[BlackElo "1739"]

1. e4 c5 2. c3 d5 3. exd5 Qxd5 4. d4 Nc6 5. Be3 Bf5 6. c4 Qd8 7. d5 Nb4 8. Na3
e6 9. Qa4+ Qd7 10. Qxd7+ Kxd7 11. dxe6+ Kxe6 12. Nh3 Rd8 13. Nf4+ Ke5 14. Be2
b6 15. O-O Nf6 16. Rfe1 a6 17. g3 Be7 18. Bf1 Kd6 19. Rad1+ Kc7 20. Bd2 Bd6 21.
Bxb4 cxb4 22. Nb1 Rhe8 23. Nd5+ Nxd5 24. cxd5 Rxe1 25. Rxe1 Bc5 26. Bg2 Bc8 27.
Nd2 Bb7 28. Nb3 Kd6 29. Nxc5 bxc5 30. b3 Rd7 31. Rd1 Re7 32. Kf1 a5 33. f4 Ba6+
34. Kg1 Re3 35. Rc1 Bb7 36. Kf2 Rd3 37. Ke2 Rd4 38. Ke3 Ba6 39. Be4 h6 40. h4
Bb7 41. Rc4 Rd1 42. Bf3 Rb1 43. Rc2 Ba6 44. g4 Bb5 45. Kd2 a4 46. Bd1 axb3 47.
axb3 Rxb3 48. Kc1 Rh3 49. Rd2 Bc4 50. Kb1 Bxd5 51. Bc2 Kc6 52. Re2 Rf3 53. Ba4+
Kd6 54. f5 Rg3 55. Re8 Rxg4 56. Rd8+ Ke5 57. Bd7 Rg1+ 58. Kb2 b3 59. Re8+ Kf6
0-1

[Event "FINAL MISTRZOSTW POLSKI JUNIOROW 2018 - GRUPA  D16"]
[Site "Jastrzebia Gora"]
[Date "1899-12-30"]
[Round "1.17"]
[White "Skiba, Aleksandra"]
[Black "Nowicka, Julia"]
[Result "1-0"]
[WhiteTitle "I+"]
[BlackTitle "I"]
[WhiteElo "1734"]
[BlackElo "1283"]

1. d4 d5 2. c4 c6 3. Nf3 Nf6 4. Nc3 dxc4 5. a4 Bg4 6. Ne5 Bh5 7. f3 e6 8. e4 Bb4
9. Be2 Nfd7 10. Nxc4 Qh4+ 11. g3 Qe7 12. O-O O-O 13. Bf4 Qd8 14. Qb3 Na6 15. Rad1
Nb6 16. Ne5 Bxc3 17. bxc3 Nc7 18. a5 Nd7 19. Qxb7 Nxe5 20. Bxe5 Ne8 21. Qb4 Nf6
22. g4 Bg6 23. Ba6 Nxg4 24. fxg4 Qg5 25. Rf4 f6 26. Bd6 e5 27. Bc4+ Kh8 28. Bxe5
c5 29. Qxc5 Rfc8 30. Bc7 Qxc5 31. dxc5 Rxc7 32. Bd5 Rd8 33. c6 Rxc6 34. Rc1 Rc5
35. c4 Rxa5 36. Rf2 Rc5 37. Ra1 Rc7 38. Kg2 Bf7 39. Rfa2 Bxd5 40. cxd5 Rdd7 41.
Kf3 Kg8 42. Ra6 Kf7 43. h4 h6 44. R1a3 Ke7 45. Kf4 Kf7 46. g5 hxg5+ 47. hxg5 Rb7
48. gxf6 gxf6 49. Kf5 Ke8 50. Rxf6 Rb1 51. Re6+ Kf8 52. Ke5 Rh7 53. Rf3+ Kg8 54.
Re8+ Kg7 55. Re7+ Kg6 56. Rg3+ 1-0

[Event "FINAL MISTRZOSTW POLSKI JUNIOROW 2018 - GRUPA  D16"]
[Site "Jastrzebia Gora"]
[Date "1899-12-30"]
[Round "1.18"]
[White "Komorowska, Marcelina"]
[Black "Filipska, Maja"]
[Result "0-1"]
[WhiteTitle "II+"]
[BlackTitle "I++"]
[WhiteElo "1209"]
[BlackElo "1708"]

1. e4 d6 2. d4 g6 3. Nc3 Bg7 4. Bg5 Nf6 5. e5 Nfd7 6. exd6 cxd6 7. Qd2 O-O 8. O-O-O
Nc6 9. Nf3 a6 10. Bh6 Qa5 11. Kb1 b5 12. h4 Nf6 13. Bxg7 Kxg7 14. Bd3 h5 15. Ne4
Qb6 16. Nxf6 exf6 17. Be2 a5 18. Nh2 Bb7 19. Rhg1 Nb4 20. a3 Nd5 21. c4 bxc4 22.
Bxc4 Rfc8 23. Bxd5 Bxd5 24. Qd3 Be6 25. Ka1 Bf5 26. Qe3 Rc2 27. b3 Rac8 28. d5
Qb5 29. Rc1 R8c3 30. Qxc3 Rxc3 31. Rxc3 Qxd5 32. Nf3 Be4 33. Rgc1 Bxf3 34. Rxf3
Qd4+ 35. Ka2 Qxh4 36. Rc2 Qe4 37. Kb2 d5 38. Re3 Qxg2 39. f3 Qg5 40. Rd3 Qe5+
41. Ka2 h4 42. Rdd2 d4 43. Rd3 Qf4 44. Rcd2 h3 45. Rxd4 Qg3 46. R4d3 h2 47. Rxh2
Qxh2+ 48. Kb1 Qe2 49. Rc3 Qd2 50. Rc2 Qd1+ 51. Kb2 Qxf3 52. b4 axb4 53. axb4 g5
0-1

[Event "FINAL MISTRZOSTW POLSKI JUNIOROW 2018 - GRUPA  D16"]
[Site "Jastrzebia Gora"]
[Date "1899-12-30"]
[Round "2.1"]
[White "Moscicka, Pola"]
[Black "Malicka, Maria"]
[Result "1/2-1/2"]
[WhiteTitle "k+"]
[BlackTitle "WCM"]
[WhiteElo "1868"]
[BlackElo "2135"]

1. d4 Nf6 2. c4 e6 3. Nf3 b6 4. a3 Ba6 5. Qc2 Bb7 6. Nc3 c5 7. e4 cxd4 8. Nxd4
Bc5 9. Nb3 Nc6 10. Bd3 O-O 11. O-O Rc8 12. Bg5 h6 13. Bh4 Ne5 14. Nxc5 Rxc5 15.
f4 Ng6 16. Bf2 Rc8 17. e5 Ng4 18. Bd4 d6 19. Bxg6 fxg6 20. Qxg6 dxe5 21. Qxe6+
Kh8 22. Bxe5 Nxe5 23. Qxe5 Rxc4 24. Rad1 Qc8 25. Rd6 Rc6 26. Nb5 Rxd6 27. Nxd6
Qc6 28. Nxb7 Qxb7 29. f5 Qf7 30. h3 Re8 31. Qd4 Rf8 32. Qh4 Kh7 33. Qe4 Qf6 34.
Kh1 1/2-1/2

[Event "FINAL MISTRZOSTW POLSKI JUNIOROW 2018 - GRUPA  D16"]
[Site "Jastrzebia Gora"]
[Date "1899-12-30"]
[Round "2.2"]
[White "Kucharska, Honorata"]
[Black "Kulpa, Zuzanna"]
[Result "1/2-1/2"]
[WhiteTitle "WFM"]
[BlackTitle "I++"]
[WhiteElo "2082"]
[BlackElo "1839"]

1. e4 e5 2. Nf3 Nc6 3. Bb5 a6 4. Ba4 Nf6 5. Qe2 b5 6. Bb3 Be7 7. c3 d6 8. h3 O-O
9. O-O Na5 10. Bc2 c5 11. d4 Qc7 12. d5 Bd7 13. Rd1 Rfc8 14. Nbd2 c4 15. Nf1 Nb7
16. g4 a5 17. Ng3 g6 18. Kg2 b4 19. Rh1 Rab8 20. g5 Ne8 21. h4 Bg4 22. h5 Ng7
23. Bd1 Nxh5 24. Nxh5 gxh5 25. Qe3 Nc5 26. Nh4 Nd3 27. Qg3 Bxd1 28. Rxd1 Nxc1
29. Rdxc1 Qd8 30. Nf3 Qd7 31. Nh2 Kh8 32. cxb4 Rxb4 33. b3 Bxg5 34. Rxc4 Rbxc4
35. bxc4 h4 36. Qf3 Rxc4 37. Rb1 h3+ 38. Kg1 Qc7 39. Qxh3 Rxe4 40. Qf5 Rb4 41.
Rxb4 Qc1+ 42. Kg2 axb4 43. Qxf7 Qf4 44. Qe8+ 1/2-1/2

[Event "FINAL MISTRZOSTW POLSKI JUNIOROW 2018 - GRUPA  D16"]
[Site "Jastrzebia Gora"]
[Date "1899-12-30"]
[Round "2.3"]
[White "Budkiewicz, Magdalena"]
[Black "Rudzinska, Michalina"]
[Result "1-0"]
[WhiteTitle "I++"]
[BlackTitle "k+"]
[WhiteElo "1739"]
[BlackElo "2066"]

1. e4 c5 2. Nf3 e6 3. d4 cxd4 4. Nxd4 a6 5. Bd3 Nf6 6. O-O Qc7 7. Nc3 b5 8. a3
Bb7 9. Qe2 d6 10. Kh1 Nc6 11. Nxc6 Bxc6 12. f4 Be7 13. Qf2 O-O 14. Qg3 g6 15.
f5 Nd7 16. Qh3 exf5 17. exf5 Bf6 18. Bh6 Rfe8 19. Qg3 Be5 20. Bf4 Nc5 21. Bxe5
dxe5 22. fxg6 fxg6 23. Bxg6 Bxg2+ 24. Qxg2 hxg6 25. Nd5 Qb7 26. Qxg6+ Kh8 27.
Qh6+ Qh7 28. Qxh7+ Kxh7 29. Nc7 Kg6 30. Nxa8 Rxa8 31. Rae1 Re8 32. Re3 e4 33.
Rg3+ Kh6 34. Rf6+ Kh7 35. Rf5 1-0

[Event "FINAL MISTRZOSTW POLSKI JUNIOROW 2018 - GRUPA  D16"]
[Site "Jastrzebia Gora"]
[Date "1899-12-30"]
[Round "2.4"]
[White "Filipska, Maja"]
[Black "Sowa, Wiktoria"]
[Result "1/2-1/2"]
[WhiteTitle "I++"]
[BlackTitle "k"]
[WhiteElo "1708"]
[BlackElo "1993"]

1. e4 c5 2. Nf3 d6 3. d4 cxd4 4. Nxd4 Nf6 5. Nc3 g6 6. Be3 Bg7 7. Bc4 O-O 8. f3
Nc6 9. Qd2 Bd7 10. O-O-O Rc8 11. Bb3 Ne5 12. h4 h5 13. Bh6 Nc4 14. Bxc4 Rxc4 15.
Bxg7 Kxg7 16. Kb1 Qa5 17. Nb3 Qc7 18. g4 Rxc3 19. bxc3 Rc8 20. gxh5 Nxh5 21. Rhg1
a5 22. Rg5 a4 23. Rxh5 axb3 24. Qh6+ Kf6 25. Qg5+ Kg7 26. cxb3 Qxc3 27. Qh6+ Kf6
28. Qg5+ Kg7 29. Qh6+ Kf6 30. Qg5+ Kg7 31. Qh6+ Kf6 1/2-1/2

[Event "FINAL MISTRZOSTW POLSKI JUNIOROW 2018 - GRUPA  D16"]
[Site "Jastrzebia Gora"]
[Date "1899-12-30"]
[Round "2.5"]
[White "Hryn, Aleksandra"]
[Black "Kalinowska, Zuzanna"]
[Result "0-1"]
[WhiteTitle "I"]
[BlackTitle "k+"]
[WhiteElo "1558"]
[BlackElo "1980"]

1. e4 e6 2. d4 d5 3. Nc3 Bb4 4. exd5 exd5 5. Bd3 Ne7 6. Nge2 c6 7. O-O Bf5 8. Ng3
Bxd3 9. Qxd3 O-O 10. Re1 Nd7 11. Bg5 f6 12. Bd2 Re8 13. Nf5 Nxf5 14. Qxf5 Nf8
15. a3 Ba5 16. Rxe8 Qxe8 17. Re1 Qg6 18. Qxg6 Nxg6 19. g3 Kf7 20. Ne4 Bxd2 21.
Nxd2 Ne7 22. f4 Nf5 23. Nf3 Nd6 24. Nd2 Rd8 25. g4 h5 26. h3 Rh8 27. Kg2 hxg4
28. hxg4 Re8 29. Rxe8 Kxe8 30. Kf3 Ke7 31. f5 Nb5 32. c3 Nd6 33. Ke3 Kf7 34. Kf4
g6 35. fxg6+ Kxg6 36. Nb3 b6 37. Nc1 Nc4 38. Nd3 a5 39. a4 b5 40. b3 Nd2 41. axb5
cxb5 42. Nc5 Nb1 43. Nb7 a4 0-1